| 000 | 01061nam0a22003011 4500 | ||
|---|---|---|---|
| 001 | RU\NLR\INFOCOMM_116\5000063931 | ||
| 005 | 20250613091127.0 | ||
| 035 | _a(NLR Aleph) 009092602 | ||
| 090 |
_a8051363 _c8051363 |
||
| 100 | _a20081227d1938 |||y0rusy50 ca | ||
| 101 | 1 |
_aeng _crus |
|
| 102 | _aRU | ||
| 105 | _ay ||||000|y | ||
| 200 | 1 |
_aToy-time _d[Игрушки] _eСтихи для дошкольного возраста _fBy A. Barto _gTranslated from Russian by Herbert Marchall _gDrawings by K. Kouznetsov _zrus |
|
| 205 | _a7 print. | ||
| 210 |
_aMoscow _cMejdunarodnaja kniga _d[1938] |
||
| 215 |
_a16 с. ненум. _d29 см |
||
| 300 | _aБез тит. л. Описано по обл. | ||
| 510 | 1 |
_a[Игрушки] _zrus |
|
| 700 | 1 |
_aBarto _bA. L. _f1906-1981 _gAgnija L'vovna _4070 |
|
| 702 | 1 |
_9z02790 _aМаршал _bГ. _gГерберт _4730 |
|
| 702 | 1 |
_aKouznetsov _bK. _4440 |
|
| 790 | 1 |
_9z02702 _aMarchall _bH. _gHerbert _4730 |
|
| 801 | 1 |
_aRU _bNLR _c20081227 |
|
| 801 | 0 |
_aRU _bNLR _gPSBO |
|
| 852 |
_aNLR _jD13/71 |
||
| 942 | _cBOOK | ||
| 980 | _aNB | ||